000 00615nam a2200229Ia 4500
003 OSt
005 20220923230532.0
006 a|||||r|||| 00| 0
007 ta
008 Pun
024 _a282,997
037 _cTextual
040 _aARTS
_cARTS
_bPun
041 _2Pun
_aPun
082 _aO153,3NMAx, M5
100 _aਮਾਨ, ਸੁਖਵੰਤ ਕੌਰ
_9156269
245 0 _aਇਸ ਦੇ ਬਾਵਜੂਦ
260 _c1985
650 _aਪੰਜਾਬੀ ਸਾਹਿਤ
942 _hO153,3NMAx, M5
_cTEXL
_2CC
999 _c385541
_d385541